|
|
|
|
| LEADER |
00000nam0a2200000 4500 |
| 001 |
147052 |
| 005 |
20231031144906.0 |
| 010 |
|
|
|a 9785769549175
|
| 035 |
|
|
|a (RuTPU)RU\TPU\book\159392
|
| 035 |
|
|
|a RU\TPU\book\107071
|
| 090 |
|
|
|a 147052
|
| 100 |
|
|
|a 20081107d2008 m y0rusy50 ca
|
| 101 |
0 |
|
|a rus
|
| 102 |
|
|
|a RU
|
| 105 |
|
|
|a a j 001zy
|
| 200 |
1 |
|
|a Цифровые устройства и микропроцессоры
|e учебное пособие для вузов
|f А. К. Нарышкин
|
| 205 |
|
|
|a 2-е изд., стер.
|
| 210 |
|
|
|a Москва
|c Академия
|d 2008
|
| 215 |
|
|
|a 318 с.
|c ил.
|
| 225 |
1 |
|
|a Высшее профессиональное образование. Радиоэлектроника
|
| 320 |
|
|
|a Библиография: с. 312-314.
|
| 320 |
|
|
|a Список сокращений: с. 3-4.
|
| 320 |
|
|
|a Список условных обозначений: с. 5-7.
|
| 330 |
|
|
|a Рассматриваются основы алгебры логики, теории переключательных функций, теории асинхронных потенциальных и синхронных автоматов, синтез цифровых узлов (триггеров, счетчиков, сдвигающих регистров, мультиплексоров, демультиплексоров, сумматоров), применение интегральных схем для проектирования цифровых устройств, а также архитектура, система команд, шинные приемопередатчики, проектирование микроконтроллеров на микропроцессорах, разработка программного обеспечения. Наряду с известными приводятся разработанные автором в последние годы новые методики анализа и синтеза цифровых устройств. Для студентов вузов радиотехнических специальностей. Может быть полезно студентам техникумов радиотехнического профиля.
|
| 451 |
|
1 |
|0 (RuTPU)RU\TPU\book\107071
|y 5-7695-1618-6
|t Цифровые устройства и микропроцессоры
|o учебное пособие
|f А. К. Нарышкин
|c М.
|n Академия
|d 2006
|p 320 с.
|s Высшее профессиональное образование. Радиоэлектроника
|a Нарышкин, Александр Кириллович
|
| 610 |
1 |
|
|a логика
|
| 610 |
1 |
|
|a алгебра
|
| 610 |
1 |
|
|a цифровые устройства
|
| 610 |
1 |
|
|a логические функции
|
| 610 |
1 |
|
|a минимизация
|
| 610 |
1 |
|
|a логические элементы
|
| 610 |
1 |
|
|a комбинационные цифровые устройства
|
| 610 |
1 |
|
|a шифраторы
|
| 610 |
1 |
|
|a дешифраторы
|
| 610 |
1 |
|
|a мультиплексоры
|
| 610 |
1 |
|
|a демультиплексоры
|
| 610 |
1 |
|
|a сумматоры
|
| 610 |
1 |
|
|a цифровые компараторы
|
| 610 |
1 |
|
|a последовательные цифровые устройства
|
| 610 |
1 |
|
|a микропроцессоры
|
| 610 |
1 |
|
|a архитектура
|
| 610 |
1 |
|
|a микроконтроллеры
|
| 610 |
1 |
|
|a микропроцессорные системы
|
| 610 |
1 |
|
|a функциональные узлы
|
| 610 |
1 |
|
|a учебные пособия
|
| 610 |
1 |
|
|a радиоэлектроника
|
| 610 |
1 |
|
|a радиотехника
|
| 610 |
1 |
|
|a программное обеспечение
|
| 675 |
|
|
|a 681.322(075.8)
|v 3
|
| 675 |
|
|
|a 681.325.5-181.48(075.8)
|v 3
|
| 700 |
|
1 |
|a Нарышкин
|b А. К.
|g Александр Кириллович
|
| 801 |
|
1 |
|a RU
|b 63413507
|c 20060711
|g PSBO
|
| 801 |
|
2 |
|a RU
|b 63413507
|c 20210301
|g PSBO
|
| 900 |
|
|
|a Цифровые устройства
|
| 900 |
|
|
|a Микропроцессорная техника
|
| 900 |
|
|
|a Радиотехника и электроника
|
| 900 |
|
|
|a Дискретная и микропроцессорная техника
|
| 900 |
|
|
|a Проектирование микропроцессорных систем
|
| 900 |
|
|
|a Дискретная микропроцессорная техника
|
| 900 |
|
|
|a Схемотехника ЭВМ
|
| 900 |
|
|
|a Цифровая и микропроцессорная техника
|
| 900 |
|
|
|a Основы микропроцессорной техники
|
| 942 |
|
|
|c BK
|
| 951 |
|
|
|b 210300
|b 210302
|
| 959 |
|
|
|a 108/20091020
|d 15
|e 0
|f УФ:15
|